000
00315nam a22001457a 4500
082
_a
P-96
100
_a
Mansoor
_9
47697
245
_a
Electrical technology
_c
Mansoor
260
_a
MCE
526
_a
0
_b
0
_c
0
_d
P_96
526
_a
0
_b
0
_c
0
_d
P_96
650
_a
Project
700
_a
Mansoor
_9
47697
942
_2
ddc
_c
BK
999
_c
550860
_d
550860